Movies Quiz

Random Movies or Quote Quiz
Score 0/26 Timer 06:00
18 Plays Today
% Correct
Hope
96.9%
For
96.7%
True
96.6%
This
96.5%
Sister
96.3%
Father
96%
Apprentice
95.9%
Station
95.6%
Disappointed
95.6%
Die
95.2%
Mask
95.2%
Compactor
95%
Darkness
94.8%
% Correct
Home
94.5%
Jedi
94.1%
Hundred
94.1%
Negotiations
94.1%
Applause
93.9%
Trap
93.2%
Try
90.3%
Fish
90.2%
Odds
89.1%
Horizon
86.7%
Has
85.3%
Absolutes
84.6%
Future
83%

You're not logged in!

Compare scores with friends on all Sporcle quizzes.
OR
Log In

Sporcle TV

Today on Sporcle TV


Watch our educational content, quiz creation guides, and fun videos on Sporcle TV.

Show Comments

Extras

Top Quizzes Today


Score Distribution

Paid Content

Your Account Isn't Verified!

In order to create a playlist on Sporcle, you need to verify the email address you used during registration. Go to your Sporcle Settings to finish the process.

Report this User

Report this user for behavior that violates our Community Guidelines.

Details: